| 000 | 00559nam a2200205Ia 4500 | ||
|---|---|---|---|
| 008 | 191130s2009##################000#0#eng## | ||
| 020 | _a9781435439214 | ||
| 040 |
_aACL _cACL |
||
| 082 | _a658.812 BEC | ||
| 100 | _aBecker, Joanne | ||
| 245 |
_aA guide to coding compliance _cJoanne Becker |
||
| 250 | _a1st ed | ||
| 260 |
_aClifton Park, N.Y _bDelmar Cengage Learning _c2009 |
||
| 300 | _axiv, 184 p. ; 28 cm | ||
| 500 | _aIncludes Index | ||
| 650 | _aMarketing | ||
| 990 | _a555ef7c8ac10000c0830a177da5e0e21 | ||
| 991 | _a90465 | ||
| 999 |
_c341344 _d341344 |
||